00306nam a2200121 4500020001800000100001600018245004200034260003800076300001200114700001900126700002100145700001800166 a9798886131451 aShi, Minjia aCodes and modular formsba dictionary aSingaporebWorld scientificc2025 axiv+217 aChoie, Youngju aSharma, Anuradha aSole, Patrick